000 00363pam a2200157 a 4500
020 _c
041 _h
082 _a641.59
100 _aJEREMY MAC VEIGH
_eAuthor
245 _aINTERNATIONAL CUISINE
_cJEREMY MAC VEIGH
_hTextual Documents
260 _anew york
_bDELMAR
300 _a529
653 _afood production
700 _eCo-Author
930 _a2584
999 _c229983
_d229983